| 000 | 00426nam a2200157 i 4500 | ||
|---|---|---|---|
| 001 | 92556 | ||
| 003 | ES-MaACL | ||
| 005 | 20230906181011.0 | ||
| 007 | t| | ||
| 008 | 050310s1974 po ||||1| ger d | ||
| 100 | 1 |
_aLipschutz, Frank. _972512 |
|
| 245 | 1 | 0 |
_aZu lessings Laokoon / _cFrank Lipschutz. |
| 260 |
_aLisboa : _b[Soc. Tip. Primorosa], _c1974. |
||
| 300 |
_a6 p. ; _c21 cm. |
||
| 852 |
_aES-MaACL _j2113-F-28 _bR.100275 |
||
| 999 |
_c92556 _d92556 |
||